000 00948nam a2200265 i 4500
001 000033129
003 DO-SdBNP
005 20250422184104.0
008 110405s2005 dr 000 0 spa d
020 _a9945404059
040 _aDO-SdBNP
_bspa
_cBNPHU
_erda
049 _aBNPD
082 4 _a972.93054
_bD473a
_222
100 1 _aDespradel, Fidelio,
_9324
_eautor
_4aut.
245 1 0 _aAbril :
_bhistoria gráfica de la guerra de abril /
_cFidelio Despradel.
264 _aSanto Domingo :
_bSecretaría de Estado de Cultura de la República Dominicana,
_c2005.
300 _a294 páginas :
_bilustraciones, retratos ;
_c29 cm.
336 _atexto
_btxt
_2rdacontent
337 _asin mediación
_bn
_2rdamedia
338 _avolumen
_bnc
_2rd
590 _aInventariado, 2024/BT
651 4 _aRepública Dominicana
_xHistoria
_yRevolución, 1965
_xcongresos, conferencias, etc.
_96987
910 _aValidado. Control de calidad MFF
942 _2ddc
_cLBS1
999 _c32620
_d32620